The C and UNIX Dictionary. From Absolute Pathname to Zombie /

Salvato in:
Dettagli Bibliografici
Autore principale: Christian, Kaare (Autore)
Natura: Libro
Pubblicazione: New York : John Wiley & Sons, 1988
Tags: Aggiungi Tag
Nessun Tag, puoi essere il primo ad aggiungerne!!

MARC

LEADER 00000nam a22000003a 4500
001 stu14745
005 20190206124524.9
008 ------s1988----xxu---------------------d
040 |a STU  |b slo 
041 0
044 |a xxu 
080 |a 681.3.06 
100 1 |a Christian, Kaare  |4 aut 
245 1 |a The C and UNIX Dictionary. From Absolute Pathname to Zombie /  |c [aut.]Christian,Kaare 
260 |a New York :  |b John Wiley & Sons,  |c 1988 
300 |a 216 s 
996 |b 284C016150  |c C*84172  |l CCI  |s A  |a 24  |w stu14745_0001